Jujutsu Kaisen. 7, The origin of obedience / by ... Read More
Available copies
- 1 of 1 copy available at LARL/NWRL Consortium. (Show)
- 1 of 1 copy available at Northwest Regional Library.
Current holds
0 current holds with 1 total copy.
Show Only Available Copies
| Location | Call Number / Copy Notes | Barcode | Shelving Location | Status | Due Date |
|---|---|---|---|---|---|
| Greenbush Public Library | ya G AKU (Text) | 35500006942989 | New | Available | - |
Record details
- ISBN: 9781974717118
- ISBN: 1974717119
- Physical Description: 176 pages : chiefly illustrations ; 20 cm
- Edition: Shonen Jump manga edition.
- Publisher: San Francisco, CA : VIZ Media, LLC, [2020]
- Copyright: ©2018
Content descriptions
| General Note: | "First published in Japan in 2018 by Shueisha Inc., Tokyo."--Title page verso Reads from right to left. Parental advisory: "[R]ecommended for ages 16 and up." |
| Summary, etc.: | "In a world where cursed spirits feed on ... Read More |
| Target Audience Note: | Rated T+, older teen. |
| Language Note: | In English, translated from the Japanese. |
Search for related items by subject
Search for related items by series
| LDR | 06064cam a2201297 i 4500 | ||
|---|---|---|---|
| 001 | 490539 | ||
| 003 | LARL_NWRL_CONSORTIUM | ||
| 005 | 20260623144720.0 | ||
| 008 | 200803r20202018caua d 6 000 1 eng | ||
| 040 | . | ‡aAU@ ‡beng ‡erda ‡cAU@ ‡dCNEDM ‡dYDX ‡dJTD ‡dIUO ‡dOCLCO ‡dOCLCF ‡dNYP ‡dCNCAR ‡dOCLCO ‡dSDG ‡dRNL ‡dOCLCO ‡dOCL ‡dIHX ‡dOCLCO ‡dOCLCQ ‡dOCLCO ‡dJQW ‡dEHH ‡dJQF ‡dOCL ‡dOCLCO ‡dOCLCL ‡dOCLCQ ‡dKYD ‡dDEERP ‡dOCLCO ‡dOCLCL ‡dJTH ‡dATMET ‡dNNF ‡dJTA | |
| 019 | . | ‡a1139767920 ‡a1226751607 | |
| 020 | . | ‡a9781974717118 ‡q(paperback) | |
| 020 | . | ‡a1974717119 ‡q(paperback) | |
| 035 | . | ‡a(OCoLC)1237332202 ‡z(OCoLC)1139767920 ‡z(OCoLC)1226751607 | |
| 041 | 1 | . | ‡aeng ‡hjpn |
| 043 | . | ‡aa-ja--- | |
| 082 | 0 | 4. | ‡a741.5/952 ‡223 |
| 100 | 1 | . | ‡aAkutami, Gege, ‡d1992- ‡eauthor, ‡eartist. ‡1https://id.oclc.org/worldcat/entity/E39PBJrwWtd9K4wbff7jv37j4q |
| 245 | 1 | 0. | ‡aJujutsu Kaisen. ‡p7, ‡pThe origin of obedience / ‡cby Gege Akutami ; translation, Stefan Koza ; touch-up art & lettering, Snir Aharon. |
| 246 | 3 | . | ‡aJujutsu Kaisen. ‡pVol. 7, ‡pOrigin of obedience |
| 246 | 3 | . | ‡aJujutsu Kaisen. ‡pVolume 7 |
| 246 | 3 | 0. | ‡aOrigin of obedience |
| 250 | . | ‡aShonen Jump manga edition. | |
| 264 | 1. | ‡aSan Francisco, CA : ‡bVIZ Media, LLC, ‡c[2020] | |
| 264 | 4. | ‡c©2018 | |
| 300 | . | ‡a176 pages : ‡bchiefly illustrations ; ‡c20 cm | |
| 336 | . | ‡atext ‡btxt ‡2rdacontent | |
| 336 | . | ‡astill image ‡bsti ‡2rdacontent | |
| 337 | . | ‡aunmediated ‡bn ‡2rdamedia | |
| 338 | . | ‡avolume ‡bnc ‡2rdacarrier | |
| 490 | 0 | . | ‡aJujutsu Kaisen ; ‡v7 |
| 490 | 0 | . | ‡aShonen Jump manga |
| 546 | . | ‡aIn English, translated from the Japanese. | |
| 500 | . | ‡a"First published in Japan in 2018 by Shueisha Inc., Tokyo."--Title page verso | |
| 500 | . | ‡aReads from right to left. | |
| 520 | . | ‡a"In a world where cursed spirits feed on unsuspecting humans, fragments of the legendary and feared demon Ryomen Sukuna were lost and scattered about. Should any demon consume Sukuna's body parts, the power they gain could destroy the world as we know it. Fortunately, there exists a mysterious school of Jujutsu Sorcerers who exist to protect the precarious existence of the living from the supernatural! Despite the injuries and losses they suffered in an attack on the Goodwill Event, the students of Jujutsu High have little time rest as people start dying under mysterious circumstances. Could these strange deaths have anything to do with Sukuna's lost fingers?"--Back cover. | |
| 500 | . | ‡aParental advisory: "[R]ecommended for ages 16 and up." | |
| 521 | 8 | . | ‡aRated T+, older teen. |
| 650 | 0. | ‡aDemonology ‡vComic books, strips, etc. | |
| 650 | 0. | ‡aWizards ‡vComic books, strips, etc. | |
| 650 | 0. | ‡aTeenagers ‡vComic books, strips, etc. | |
| 650 | 0. | ‡aClubs ‡vComic books, strips, etc. | |
| 650 | 0. | ‡aSupernatural ‡vComic books, strips, etc. ‡0(LARL_NWRL_CONSORTIUM)175343 | |
| 650 | 0. | ‡aMagic ‡vComic books, strips, etc. | |
| 650 | 0. | ‡aHigh school students ‡vComic books, strips, etc. | |
| 650 | 1. | ‡aDemonology ‡vComic books, strips, etc. | |
| 650 | 1. | ‡aWizards ‡vComic books, strips, etc. | |
| 650 | 1. | ‡aTeenagers ‡vComic books, strips, etc. | |
| 650 | 1. | ‡aClubs ‡vComic books, strips, etc. | |
| 650 | 1. | ‡aSupernatural ‡vComic books, strips, etc. ‡0(LARL_NWRL_CONSORTIUM)175343 | |
| 650 | 1. | ‡aMagic ‡vComic books, strips, etc. | |
| 650 | 1. | ‡aHigh school students ‡vComic books, strips, etc. | |
| 650 | 1. | ‡aGraphic novels ‡zJapan. | |
| 650 | 7. | ‡aGraphic novels ‡2fast ‡0(LARL_NWRL_CONSORTIUM)40036 | |
| 650 | 7. | ‡aClubs ‡2fast ‡0(LARL_NWRL_CONSORTIUM)17033 | |
| 650 | 7. | ‡aDemonology ‡2fast ‡0(LARL_NWRL_CONSORTIUM)18386 | |
| 650 | 7. | ‡aHigh school students ‡2fast ‡0(LARL_NWRL_CONSORTIUM)22133 | |
| 650 | 7. | ‡aMagic ‡2fast ‡0(LARL_NWRL_CONSORTIUM)24943 | |
| 650 | 7. | ‡aSupernatural ‡2fast ‡0(LARL_NWRL_CONSORTIUM)32179 | |
| 650 | 7. | ‡aTeenagers ‡2fast ‡0(LARL_NWRL_CONSORTIUM)36212 | |
| 650 | 7. | ‡aWizards ‡2fast ‡0(LARL_NWRL_CONSORTIUM)35534 | |
| 651 | 7. | ‡aJapan ‡2fast ‡0(LARL_NWRL_CONSORTIUM)178447 | |
| 655 | 0. | ‡aYoung adult fiction. | |
| 655 | 7. | ‡aManga ‡2fast | |
| 655 | 7. | ‡aYoung adult works ‡2fast | |
| 655 | 7. | ‡aHorror comics ‡2fast | |
| 655 | 7. | ‡aFiction ‡2fast | |
| 655 | 7. | ‡aAction and adventure comics ‡2fast | |
| 655 | 7. | ‡aComics (Graphic works) ‡2fast | |
| 655 | 7. | ‡aFantasy comics ‡2fast | |
| 655 | 7. | ‡aGraphic novels ‡2fast | |
| 655 | 7. | ‡aParanormal comics ‡2fast | |
| 655 | 7. | ‡aAction and adventure fiction. ‡2gsafd | |
| 655 | 7. | ‡aGraphic novels. ‡2gsafd | |
| 655 | 7. | ‡aGraphic novels. ‡2lcgft | |
| 655 | 7. | ‡aParanormal comics. ‡2lcgft | |
| 655 | 7. | ‡aHorror comics. ‡2lcgft | |
| 655 | 7. | ‡aAction and adventure comics. ‡2lcgft | |
| 655 | 7. | ‡aFantasy comics. ‡2lcgft | |
| 655 | 7. | ‡aComics (Graphic works) ‡2lcgft | |
| 655 | 7. | ‡aManga. ‡2lcgft | |
| 700 | 1 | . | ‡aKoza, Stefan, ‡etranslator. |
| 700 | 1 | . | ‡aAharon, Snir, ‡eletterer. |
| 901 | . | ‡a490539 ‡bAUTOGEN ‡c490539 ‡tbiblio | |

Add to basket
Permalink
Disable Highlighting